000 00570nam a2200193Ia 4500
005 20250326143903.0
008 250326s9999 xx 000 0 und d
020 _a81-7881-302-5
037 _aTextbook
040 _aFMSL
_beng
_cFMSL
041 _aeng
_2eng
084 _aX:321(SNI) P4
_qFMSL
100 _aRadhakrishna G Ed.
_9748669
245 0 _aConsumer behavior: Emerging trends and issues
_cRadhakrishna G Ed.
260 _aHyderabad
_bHyderabad, ICFAI
_c2004
300 _axii,214
942 _cTB
_hX:321(SNI) P4
999 _c1301487
_d1301487